000 00651nam a2200241 i 4500
001 C2-0114157
003 PPAK
005 20180727104539.0
008 970707s1991 my |||| ||||| | may d
040 _aPPAK
_beng
_cPPAK
_erda
082 0 4 _a499.23
_223
090 0 0 _a499.23
_bISM
_dKK
100 0 _aIsmail Hussein,
_eauthor
245 1 0 _aDunia Melayu itu besar
264 1 _aKuala Lumpur :
_bDewan Bahasa dan Pustaka ,
_c1991
300 _a2 pages ;
_c30 cm
336 _2rdacontent
_atext
337 _2rdamedia
_aunmediated
338 _2rdacarrier
_avolume
500 _aDewan Budaya, Mei 1991
650 1 0 _aMalay language
942 _ddc
_cB
999 _c29073
_d29073